| 000 | 00753nas a2200253 4500 | ||
|---|---|---|---|
| 001 | BR9211337 | ||
| 003 | BR-BrBNA | ||
| 005 | 20231205093450.0 | ||
| 007 | ta | ||
| 008 | 230509b bl.|||p| |||| 00| 00por d | ||
| 040 |
_aBR-BrBNA _bpor _cBiblioteca Nacional de Agricultura |
||
| 041 | _a(Pt) | ||
| 072 | _aL60 | ||
| 100 | 1 | _aReis, N.R. dos | |
| 245 | 1 | _aEstrutura de comunidade de morcegos na regiao de Manaus, Amazonas | |
| 650 | _aMORCEGO | ||
| 650 | _aTAXONOMIA ANIMAL | ||
| 650 | _aALIMENTACAO | ||
| 650 | _aCOMPORTAMENTO ANIMAL | ||
| 650 | _aAMAZONAS | ||
| 773 | 0 |
_tRevista Brasileira de Biologia (Brazil) _xISSN 0034-7108 _g(Aug 1984), v. 44(3) p. 247-254 _wBR9211337 |
|
| 909 |
_a202311 _bLúcia _c55 _dLúcia Elande |
||
| 942 |
_2AGRIS _n0 _cANA |
||
| 999 |
_c138546 _d138546 |
||